NLSUI OPAC header image

India before Europe / (Record no. 214186)

MARC details
000 -LEADER
fixed length control field 01463cam a22002658i 4500
001 - CONTROL NUMBER
control field 22633961
005 - DATE AND TIME OF LATEST TRANSACTION
control field 20260409134333.0
008 - FIXED-LENGTH DATA ELEMENTS--GENERAL INFORMATION
fixed length control field 220606s2023 enk b 001 0 eng
020 ## - INTERNATIONAL STANDARD BOOK NUMBER
International Standard Book Number 9781108448901 (pbk)
082 ## - DEWEY DECIMAL CLASSIFICATION NUMBER
Classification number 954.02 ASH
100 1# - MAIN ENTRY--PERSONAL NAME
Personal name Asher, Catherine B.
245 10 - TITLE STATEMENT
Title India before Europe /
Statement of responsibility, etc. Catherine B. Asher and Cynthia Talbot
250 ## - EDITION STATEMENT
Edition statement 2nd ed.
264 #1 - PRODUCTION, PUBLICATION, DISTRIBUTION, MANUFACTURE, AND COPYRIGHT NOTICE
Place of production, publication, distribution, manufacture New York :
Name of producer, publisher, distributor, manufacturer Cambridge University Press,
Date of production, publication, distribution, manufacture, or copyright notice 2023.
300 ## - PHYSICAL DESCRIPTION
Extent xxvii, 395 p. ;
Dimensions 22 cm.
365 ## - TRADE PRICE
Price amount Rs. 3810.00
505 0# - FORMATTED CONTENTS NOTE
Formatted contents note List of illustrations page -- List of maps -- Preface to First edition -- Preface to Second edition -- Glossary -- Place names: alternative spellings -- Introduction: situating India -- The expansion of Turkic power, 1180-1350 -- Southern India in the age of Vijayanagara, 1350-1550 -- North India between empires: history, society, and culture, 1350-1550 -- Sixteenth-century north India: empire reformulated -- Expanding political and economic spheres, 1550-1650 -- Elite cultures in seventeenth-century South Asia -- Challenging central authority, 1650-1750 -- Changing socio-economic formations, 1650-1750 -- Epilogue -- Biographical notes -- Bibliography -- Index.
650 #7 - SUBJECT ADDED ENTRY--TOPICAL TERM
Topical term or geographic name entry element HISTORY / Asia / South / General
Source of heading or term bisacsh
651 #0 - SUBJECT ADDED ENTRY--GEOGRAPHIC NAME
Geographic name India
General subdivision History
Chronological subdivision 1000-1765.
651 #0 - SUBJECT ADDED ENTRY--GEOGRAPHIC NAME
Geographic name South Asia
General subdivision History.
651 #0 - SUBJECT ADDED ENTRY--GEOGRAPHIC NAME
Geographic name India
General subdivision Civilization
Chronological subdivision 1200-1765.
651 #0 - SUBJECT ADDED ENTRY--GEOGRAPHIC NAME
Geographic name South Asia
General subdivision Civilization.
700 1# - ADDED ENTRY--PERSONAL NAME
Personal name Talbot, Cynthia
942 ## - ADDED ENTRY ELEMENTS (KOHA)
Source of classification or shelving scheme Dewey Decimal Classification
Koha item type BOOKs
Holdings
Withdrawn status Lost status Source of classification or shelving scheme Materials specified (bound volume or other part) Damaged status Not for loan Home library Current library Shelving location Date acquired Source of acquisition Cost, normal purchase price Total Checkouts Full call number Barcode Date last seen Price effective from Koha item type Public note Checked out Date last checked out
    Dewey Decimal Classification PB     . . General Stacks 30.12.2025 Purchased - Segment Book 3810.00   954.02 ASH-1 40653 23.01.2026 30.12.2025 BOOKs Recommended by Dr. Samyak Ghosh    
    Dewey Decimal Classification PB     . . General Stacks 30.12.2025 Purchased - Segment Book 3810.00 1 954.02 ASH-2 40654 27.03.2026 30.12.2025 BOOKs Recommended by Dr. Samyak Ghosh 10.04.2026 27.03.2026